000 01042nam a22002537a 4500
005 20170124102937.0
010 _aB-136999
020 _c350.00
_a8176671525
035 _aB-136999
037 _bCen Lib/Ret
040 _aDPL
_bHN
082 _a827
_bचराटे
100 _aचरटे, कृष्ण
_97558
245 _aप्रतिनिधि वेयंग और हास्य रचनाएं /
_cकृष्ण चराटे
246 _aVangya aur hasya rachnayen /
_bby Krishna Charate
260 _aदिल्ली
_bभावना प्रकाशन
_c2004
270 _a109-A, पटपड़गंज
_bदिल्ली
_e110091
300 _a304पृ.
_c21सेमी (सजिल्द)
650 _aहिंदी साहित्य
_947590
650 _aहिंदी साहित्य --कहानिया
_91009
650 _aHindi literature
_947591
650 _aHindi literature--Stories
_947592
942 _2ddc
_cHN
_h827
_mचराटे
999 _c112322
_d112322